| 000 | 006680000a22002170004500 | ||
|---|---|---|---|
| 003 | LK-CoMWRAF | ||
| 005 | 20231001103221.0 | ||
| 008 | 230817t ||||| |||| 00| 0 eng d | ||
| 040 |
_aLK-CoMWRAF _dLK-CoMWRAF _eLK-CoMWRAF |
||
| 041 | _aeng | ||
| 082 |
_a297.247 _bRAH |
||
| 100 | _aRahim, Muhammad Ata Ur | ||
| 245 | _aJesus Prophet of Islam | ||
| 260 |
_aSaudi Arabia : _bPresidency of Islamic research, IFTA and propagation, _c1984 |
||
| 300 | _axiv, 234 p. ; 21 cm. | ||
| 650 | _aHistorical Account of Jesus | ||
| 650 | _aJesus in Hadith and Muslim Traditions | ||
| 650 | _aJesus in Qur'an | ||
| 650 | _aJesus Christ--Islamic interpretations | ||
| 942 | _cBK | ||
| 999 |
_c1637 _d1637 |
||